MLB Catchers - MVP Winners - Statistics

General Stats
  • This quiz has been taken 57 times
  • The average score is 12 of 16
Answer Stats
Year League Team Answer % Correct
2012 NL San Francisco Giants Buster Posey
96%
1999 AL Texas Rangers Ivan Rodriguez
94%
2009 AL Minnesota Twins Joe Mauer
94%
1955 AL New York Yankees Yogi Berra
94%
1954 AL New York Yankees Yogi Berra
94%
1951 AL New York Yankees Yogi Berra
94%
1972 NL CIncinnati Reds Johnny Bench
91%
1970 NL Cincinnati Reds Johnny Bench
91%
1955 NL Brooklyn Dodgers Roy Campanella
74%
1953 NL Brooklyn Dodgers Roy Campanella
74%
1951 NL Brooklyn Dodgers Roy Campanella
74%
1976 AL New York Yankees Thurman Munson
72%
1963 AL New York Yankees Elston Howard
53%
1934 AL Detroit Tigers Mickey Cochrane
51%
1935 NL Chicago Cubs Gabby Hartnett
43%
1938 NL Cincinnati Reds Ernie Lombardi
34%
No matching quizzes found
Score Distribution
Percent of People with Each Score
Percentile by Number Answered
Your Score History
You have not taken this quiz